Computing essentials 2004 / (Record no. 12957)

000 -LEADER
fixed length control field 00503cam a22001814a 4500
020 ## - INTERNATIONAL STANDARD BOOK NUMBER
ISBN 0072519584 (acidfree)
040 ## - CATALOGING SOURCE
Transcribing agency DLC
082 00 - DEWEY DECIMAL CLASSIFICATION NUMBER
Classification number 004 MCG 2004 A005 Or.
100 1# - MAIN ENTRY--AUTHOR NAME
Personal name O'Leary, Timothy J.,
245 10 - TITLE STATEMENT
Title Computing essentials 2004 /
250 ## - EDITION STATEMENT
Edition statement Complete ed.
260 ## - PUBLICATION, DISTRIBUTION, ETC. (IMPRINT)
Place of publication Boston :
Name of publisher McGraw-Hill/Irwin,
Year of publication 2004.
300 ## - PHYSICAL DESCRIPTION
Number of Pages xxviii, 467 p. :
Other physical details ill. (some col.) ;
Dimensions 28 cm.
500 ## - GENERAL NOTE
General note Includes index.
650 #0 - SUBJECT ADDED ENTRY--TOPICAL TERM
Topical Term Electronic data processing.
700 1# - ADDED ENTRY--PERSONAL NAME
Personal name O'Leary, Linda I.
942 ## - ADDED ENTRY ELEMENTS (KOHA)
Koha item type សៀវភៅភាសាអង់គ្លេស
952 ## - LOCATION AND ITEM INFORMATION (KOHA)
Withdrawn status [LOCAL, KOHA] 0
Holdings
Permanent Location Date acquired Koha item type Lost status Shelving location Barcode Current Location Full call number
Library Block A2017-08-18សៀវភៅភាសាអង់គ្លេស A005A17442Library Block A004 MCG 2004 A005 Or.
មជ្ឈមណ្ឌលឯការនៃសាកលវិទ្យាល័យភូមិន្ទកសិកម្មចំការដូង

Powered by Koha